| 000 | 00485pab a2200181 454500 | ||
|---|---|---|---|
| 008 | 180718b1999 xxu||||| |||| 00| 0 eng d | ||
| 100 | _aSorabjee, Soli J. | ||
| 245 | _aThe role of lawyers and the judiciary in upholding the constitution, democracy and human rights | ||
| 260 | _c1999 | ||
| 300 | _ap.11-18 | ||
| 362 | _a7 Jun | ||
| 650 | _aHuman rights | ||
| 650 | _aDemocracy | ||
| 650 | _aConstitutions | ||
| 650 | _aJudiciary | ||
| 773 | _aUniversity News | ||
| 909 | _a41510 | ||
| 999 |
_c41510 _d41510 |
||